000 00355nam a2200145 a 4500
008 980721s1971||||xx 0 und c
040 _aSNK
_bslo
_cSNK
_eAACR2
100 1 _aMacko, Anton
245 1 0 _aModernizácia výtvarnej výchovy na ZDŠ
260 _aBratislava
_bSPN
_c1971
300 _a128 s.
020 _c35
041 _aslo
044 _axo
_cSK
999 _c14941
_d14941